00670 2200181 4500245004900000020002200049250001100071100001700082700002200099650001700121005001900138260002800157041001400185084000800199300002300207500024900230336000900479 aCerita Cinta Tanpa CintacRayya IndirahText a978-602-375-358-1 aCet. 1 aRayya Indira aAdinto F. Susanto aNovel Remaja a20231002091833 aJakartabGrasindoc2016 aIndonesia a813 a124 hlm. :c20 cm. aIa memandang bentang alam yang terselimuti ilalang. Sabana yang sangat luas, tempat kesunyian berbisik pada rumputan. Angin kecil menggoyang perlahan. Ia tersenyum sambil menengok kesekitar. Ia ingin berteriak, tetapi lehernya seperti tercekat. atext